Κατάλογος Βιβλιοθηκών Mediterranean College

Cost Accounting / A Managerial Emphasis: Seventh Edition (Record no. 685)

MARC details
000 -LEADER
fixed length control field 02511cam a22002294a 4500
005 - ΗΜΕΡΟΜΗΝΙΑ ΚΑΙ ΩΡΑ ΤΕΛΕΥΤΑΙΑΣ ΕΝΗΜΕΡΩΣΗΣ
Πεδίο ελέγχου 20250605163942.0
008 - FIXED-LENGTH DATA ELEMENTS--GENERAL INFORMATION
Πεδίο ελέγχου σταθερού μήκους 250528s ||||||||||||||||||||||||d
035 ## - SYSTEM CONTROL NUMBER
System control number 15086
020 ## - ISBN
ISBN 131799460
040 ## - ΠΗΓΗ ΚΑΤΑΛΟΓΟΓΡΑΦΗΣΗΣ
Φορέας πρωτότυπης καταλογογράφησης MC Athens Campus Library
Γλώσσα καταλογογράφησης Ελληνικά, Μοντέρνα (1453-)
Modifying agency MC Athens Campus Library
Κανόνες περιγραφικής καταλογογράφησης AACR2
245 1# - ΤΙΤΛΟΣ ΚΑΙ ΔΗΛΩΣΗ ΥΠΕΥΘΥΝΟΤΗΤΑΣ
Τίτλος Cost Accounting / A Managerial Emphasis: Seventh Edition
250 ## - EDITION STATEMENT
Edition statement 7th
260 ## - PUBLICATION, DISTRIBUTION, ETC.
Name of publisher, distributor, etc. Prentice Hall International
300 ## - PHYSICAL DESCRIPTION
Extent 970
505 0# - FORMATTED CONTENTS NOTE
Formatted contents note Preface, Cost Accounting Fundamentals, The Accountant's Role in the Organization, An Inroduction to Cost Terms and Purposes, Cost-Volume-Profit Relationships, Job Costing in Manufacturing, Job Costing for Services and Process Costing and Activity-Based Accounting, Budgets and Standards as Keys to Planning and Control, Flexible Budgets and Standards, Income Effects of Alternative Inventory - Costing Methods, Determining How Costs Behave, Cost Information for Various Decision and Control Purposes, Relevance and Costs and the Decision Process, Management Control Systems: Choice and Application, Cost Allocation and More on Costing Systems, Process-Costing Systems, Decision Models and Cost Information, Capital Budgeting and Cost Analysis, More on Cost Behavior and AnalysisCost Behavior and Regression Analysis, Cost Accounting and Systems Choice and Strategy and Management Control, Strategic Control Systems, Appendices, Glossary, Author and Company and Subject Index.
520 ## - SUMMARY, ETC.
Summary, etc. Preface, Cost Accounting Fundamentals, The Accountant's Role in the Organization, An Inroduction to Cost Terms and Purposes, Cost-Volume-Profit Relationships, Job Costing in Manufacturing, Job Costing for Services and Process Costing and Activity-Based Accounting, Budgets and Standards as Keys to Planning and Control, Flexible Budgets and Standards, Income Effects of Alternative Inventory - Costing Methods, Determining How Costs Behave, Cost Information for Various Decision and Control Purposes, Relevance and Costs and the Decision Process, Management Control Systems: Choice and Application, Cost Allocation and More on Costing Systems, Process-Costing Systems, Decision Models and Cost Information, Capital Budgeting and Cost Analysis, More on Cost Behavior and AnalysisCost Behavior and Regression Analysis, Cost Accounting and Systems Choice and Strategy and Management Control, Strategic Control Systems, Appendices, Glossary, Author and Company and Subject Index.
700 1# - ΠΡΟΣΘΕΤΗ ΑΝΑΓΡΑΦΗ--ΦΥΣΙΚΟ ΠΡΟΣΩΠΟ
Personal name Foster George
9 (RLIN) 930
700 1# - ΠΡΟΣΘΕΤΗ ΑΝΑΓΡΑΦΗ--ΦΥΣΙΚΟ ΠΡΟΣΩΠΟ
Personal name Horngren Charles T
9 (RLIN) 743
942 ## - ADDED ENTRY ELEMENTS (KOHA)
Koha item type Books
Holdings
Τύπος τεκμηρίου Βιβλιοθήκη Τρέχουσα τοποθεσία Barcode Αριθμός εισαγωγής Ημερομηνία απόκτησης Ταξιθετικό σύμβολο Αριθμός αντιτύπου Κατάσταση απόσυρσης Κατάσταση χαμένου Κατάσταση κατεστραμμένου Μη δανεισμός Σύνολο δανεισμών Ημερομηνία τελευταίας εμφάνισης Η τιμή ισχύει από
Books MC Athens Campus Library MC Athens Campus Library 9780000006844 1315 05/06/2025 657.42 HOR 1           05/06/2025 05/06/2025

MC Athens Campus Library
Πατησίων 94 & Κοδριγκτώνος 13, 104 34
Πελλήνης 8 & Πατησίων 107, 112 51
Τ: +30 210 8899600

MC Thessaloniki Campus Library
Ίωνος Δραγούμη 21, 54625 | Ίωνος Δραγούμη 15, 54625
Τ: +30 2310 287779 – Τ: +30 2314 440300